000 00865njm a2200277Ia 4500
001 26618
003 IT-RoPAU
005 20220918181117.0
008 131025s9999 xx 000 0 und d
040 _aIT-RoPAU
040 _cIT-RoPAU
041 _aITA/ING/FR
999 _c99482
_d99482
999 _bNO
100 _aAA.VV.
_9794
100 _eAutore musica
_915907
100 _gCodice autore musica SPICS: 12000
_9796
245 _aPsicologia della musica in Europa e in Italia
250 _a1a ed.
260 _aROMA
260 _bSPICS RECORDS
_c1985 [1a Ed.:1985 - Ed. Lingua Orig.: 1985]
300 _aMUSICASSETTA
300 _c485 minuti (Testo: pag.)
500 _aParlato. Convegno "La psicologia della musica in Europa e in Italia" svoltosi a Bologna il 27 e 28 aprile 1985
650 _aPARLATO [CASSETTE]
_eCodice MATERIA SPICS: 9951
_915908
942 _cMC
_2ddc